000 00597cam a22002054a 4500
020 _a9781597180603 (pbk.)
020 _a1597180602 (pbk.)
040 _cSTF
082 0 0 _a005 SAT 2009 A004 Or.
245 0 0 _aStata programming :
_breference manual : release 11.
246 1 4 _aStata release 11 : programming
246 1 8 _aStata 11 : programming
260 _aCollege Station, Tex. :
_bStataCorp LP,
_cc2009.
300 _aix, 482 p. ;
_c24 cm.
500 _a"A Stata Press publication."
500 _aIncludes index.
650 0 _aSocial sciences
710 2 _aStataCorp LP.
942 _cEK
999 _c16380
_d16380